000 00239nam a22000857a 4500
008 160629b xxu||||| |||| 00| 0 eng d
100 _91389
_a Educational Planning Group
245 _aHome Management
260 _aNew Delhi
_bArya Publication
_c2005
999 _c1148
_d1148